000 00657nam a2200217 a 4500
008
020 _a0434901768(hbk)
049 _aMAIN
090 _aTH215
_bBRE
100 1 _aBrett, Peter.
245 1 0 _aBuilding terminology :
_ban illustrated reference guide for practitioners and students /
_cPeter Brett.
260 _aOxford :
_bHeinemann Newnes,
_c1989.
300 _a339 p. :
_bill. ;
_c25 cm.
504 _aIncludes bibliographical references.
650 1 _aBuilding.
907 _a.b10301173
_b31-08-12
_c11-10-11
003
005 20230123125328.0
040 _cNUST
942 _cBOOKS
_kTH215
_mBRE
999 _c139644
_d139644